Document Zone Identification and Classification (Record no. 13394)
[ view plain ]
| 000 -LEADER | |
|---|---|
| fixed length control field | 00464nam a22001337a 4500 |
| 082 ## - DEWEY DECIMAL CLASSIFICATION NUMBER | |
| Classification number | MSCS-1 SHA |
| 100 ## - MAIN ENTRY--PERSONAL NAME | |
| Personal name | Nauman Shamim |
| 9 (RLIN) | 98352 |
| 245 ## - TITLE STATEMENT | |
| Title | Document Zone Identification and Classification |
| 260 ## - PUBLICATION, DISTRIBUTION, ETC. | |
| Place of publication, distribution, etc. | Islamabad |
| Name of publisher, distributor, etc. | NUST-SEECS |
| Date of publication, distribution, etc. | 2015 |
| 300 ## - PHYSICAL DESCRIPTION | |
| Extent | 37p. |
| Other physical details | ill.; |
| Accompanying material | CD ROM |
| 500 ## - GENERAL NOTE | |
| General note | Supervisors: Dr. Khalid Latif, Dr. Peter Bloodsworth, Dr. Hamid Mukhtar, Dr. Asad Anwar Butt |
| 856 ## - ELECTRONIC LOCATION AND ACCESS | |
| Uniform Resource Identifier | <a href="http://10.250.8.41:8080/xmlui/handle/123456789/8262">http://10.250.8.41:8080/xmlui/handle/123456789/8262</a> |
| 942 ## - ADDED ENTRY ELEMENTS (KOHA) | |
| Koha item type | Project Report |
| Source of classification or shelving scheme | |
| Withdrawn status | Lost status | Damaged status | Not for loan | Collection code | Permanent Location | Current Location | Shelving location | Date acquired | Total Checkouts | Full call number | Barcode | Date last seen | Price effective from | Koha item type | Source of classification or shelving scheme |
|---|---|---|---|---|---|---|---|---|---|---|---|---|---|---|---|
| Central Library (CL) | Central Library (CL) | Reference | 12/14/2015 | MSCS-1 SHA | SEECSP01788 | 12/14/2015 | 12/14/2015 | Project Report | |||||||
| Central Library (CL) | Central Library (CL) | Thesis | 10/03/2019 | 005 | CL-T-3680 | 10/03/2019 | 10/03/2019 | Thesis | |||||||
| Central Library (CL) | Central Library (CL) | Thesis | 12/29/2019 | 005 MSCS-1 SHA | CL-T-4512 | 12/29/2019 | 12/29/2019 | Thesis |
